Statistieken voor topografie quiz 2023

Klik hier om de quiz te nemen!

Algemene statistieken

  • Deze quiz is 86 keer genomen
  • De gemiddelde score is 14 van 32

Antwoordstatistieken

vraagamtoord% Correct
hoeveel landen zijn er in de werld?196
77%
het land van de langste muur ter wereld?china
73%
het land met de meeste inwoners?
(28 maart, 2023)
china
73%
welk land heeft de meeste aangrenzende landen?china
73%
hoeveel officele dwergstaten zijn er?7
67%
hoeveel werelddelen zijn er?7
67%
en de op een na grootste?canada
63%
het kleinste land ter wereld?vaticaanstad
63%
wat is het land met het zuidelijkste puntje ter wereld
(niet antartica)?
argentinië
62%
onder welke naam staat wit-rusland bekend?belarus
62%
de langste rivier?nijl
54%
het land dat begint met om?oman
52%
waar staat de VN voor?verenigde naties
50%
en de op een na kleinste?monaco
48%
waar staat de vs voor?verenigde staten
46%
hoeveel landen zijn er in oceänie?16
44%
hoeveel staten zijn er in de vs?50
40%
en de tweede?amazone
40%
hoeveel landen liggen op de evenaar?10
38%
en welke het meest noordelijke?denemarken
38%
de meest gesproken taal?engels
37%
hoeveel eilanden of eilandengroepen telt de wereld?47
35%
hoeveel landen horen bij de eu?27
31%
en hoeveel in europa?51
31%
de kleur die het meeste gebruikt wordt in vlaggen?rood
31%
en de tweede?mandarijn
29%
spel de hoofdstad van ijslandreykjavik
23%
welk land heeft de meeste meren?finland
21%
welk land heeft de meeste eilanden?zweden
17%
en het hoogste gebouw?dubai
12%
en hoeveel bij de VN?193
10%
en hoeveel inwoners heeft het?
(afgerond op tienduizendtallen)
380.000
0%

Scoreverdeling

Percentiel versus Aantal Correcte Antwoorden

Procent van Mensen met Elke Score

Uw Scoregeschiedenis

U heeft deze quiz nog niet genomen